000 01014nac a22003137a 4500
001 BR8003604
003 BR-BrBNA
005 20240105114722.0
008 230509b bl.|||m| |||| 00| 0 por d
040 _aBR-BrBNA
_bpor
_cBiblioteca Nacional de Agricultura
072 _aL30; L00
090 _a5250 BR8003604
100 1 _aFigueiredo, E.A.P. de
100 1 _aSimplicio, A.A.
100 1 _aRiera, G.S.
100 1 _aLima, F. de A. de M.
100 1 _aOliveira, E.R. de
110 1 _aCentro Nacional de Pesquisa de Caprinos, Sobral, CE (Brasil)
_91759
245 1 _aComportamento do peso ao longo do ano em cabras crioulas, em sistema tradicional de manejo [Pastagem; Brasil]
260 3 _aSobral, CE (Brasil):
_c1980.
300 _a3 p.
490 _aComunicado Tecnico - Centro Nacional de Pesquisa de Caprinos (Brazil)
_vno. 4
_x
650 _aCABRA
650 _aPASTAGEM
650 _aPESO
650 _aMANEJO
909 _a202312
_bLúcia Elande
_c55
_dLúcia Elande
942 _2AGRIS
_n0
_cMS
999 _c270921
_d270921